000 01317cam a22001694a 4500
005 20250605163319.0
008 250528s ||||||||||||||||||||||||d
035 _a16663
040 _aGR-AtMCL
_bgre
_dGR-AtMCL
_eAACR2
245 1 _aΔελτίο Πληροφορίων Ειδικης Αγωγης / Σχολική και Κοινωνική Ενσωμάτωση
260 _bΟργανισμός Εκδόσεων Διδακτικών Βιβλίων
_bΥπουργείο Ενικής Παιδείας Και Θρησκευμάτων,
_c1994
300 _a272
520 _aΑγωγή και Εκπαίδευση των Παιδιών με Ειδικές Ανάγκες στην Ελλάδα (1994), Αρμόδιες Υπηρεσίες, Νομοθεσία: (Σχετική με τον Τομέα της Ειδικής Αγωγής), Εγκύκλιοι για την Ειδική Αγωγή, Γνωειμία μ'έναν Τυφλό, Αναγνώριση Τίτλων Σπουδών Ειδικής Αγωγής, Σχολικές Μονάδες Ειδικής Αγωγής (ΣΜΕΑ), Σύλλογοι και Σωματεία για τ Άτομα με Ειδικές Ανάγκες, Special Education in Greece, Βιβλιογραφία Ειδικής Αγωγής.
942 _cBK
999 _c2138
_d2138